00505 2200193 4500001002100000005001500021035002000036008004100056245006100097100002100158260003700179300001200216084001400228082000800242650001500250020002200265250000600287990001800293INLIS00000000000036120240813102808 a0010-0724000361240813 0 ind 1 aGuru Menulis Di Media Massa :binilah bumiku /cGramedia aHermawan, Hendry aBandung :bCV Citra Praya,c2006 a74 hlm. a070 HEN g a070 4aKarya Umum a978-979-22-6775-4 a1 aP29/CP/24/361